000 00521nam a22001697a 4500
005 20241217123733.0
008 241217b |||||||| |||| 00| 0 eng d
020 _a9788184450088
050 _aQP35
_b.J537
100 _aJain, Rita
245 _aQuick Review in Anatomy and Physiology/
_cRita Jain, Neeraj Dhingra & Meenu Dhingra
260 _aDelhi
_bPeepee Publishers and Distributors
_c2007
300 _avi.442p.
_bill. some color
_c21cm
700 _aDhingra, Neeraj
700 _aDhingra, Meenu
942 _2lcc
_cBK
_n0
999 _c2390
_d2390